[Event "ROM-ch U10"]
[Site "Calimanesti Caciulata"]
[Date "2019.04.21"]
[Round "8"]
[White "Buzuriu, Razvan Florin"]
[Black "Ratcu, Chris"]
[Result "0-1"]
[WhiteElo "1393"]
[BlackElo "1132"]
[PlyCount "42"]
[EventDate "2019.04.15"]
[EventType "swiss"]
[EventRounds "9"]
[EventCountry "ROU"]
[SourceTitle "CBM 190 Extra"]
[Source "ChessBase"]
[SourceDate "2019.07.15"]
[SourceVersion "1"]
[SourceVersionDate "2019.07.15"]
[SourceQuality "1"]

1. d4 d5 2. c4 e6 3. Nc3 Nf6 4. cxd5 exd5 5. Bg5 Nbd7 6. Nxd5 Nxd5 7. Bxd8 Bb4+ 8. Qd2 Bxd2+ 9. Kxd2 Kxd8 10. e3 N7f6 11. Bd3 Nb4 12. Bc4 Be6 13. Bxe6 fxe6 14. a3 Nc6 15. Nf3 h6 16. Rac1 Rf8 17. b4 a6 18. a4 Nxb4 19. Rb1 a5 20. Ne5 Ne4+ 21. Ke1 Rxf2 0-1

[Event "ROM-ch U10"]
[Site "Calimanesti Caciulata"]
[Date "2019.04.19"]
[Round "6"]
[White "Buzuriu, Razvan Florin"]
[Black "Butolo, Alexandru Mircea"]
[Result "0-1"]
[WhiteElo "1393"]
[BlackElo "1535"]
[PlyCount "66"]
[EventDate "2019.04.15"]
[EventType "swiss"]
[EventRounds "9"]
[EventCountry "ROU"]
[SourceTitle "CBM 190 Extra"]
[Source "ChessBase"]
[SourceDate "2019.07.15"]
[SourceVersion "1"]
[SourceVersionDate "2019.07.15"]
[SourceQuality "1"]

1. d4 Nf6 2. Bg5 Ne4 3. Bf4 c5 4. f3 Nf6 5. dxc5 Qa5+ 6. Nc3 Qxc5 7. e4 d6 8. Bb5+ Bd7 9. Bxd7+ Nbxd7 10. Qd2 Nb6 11. Be3 Qc6 12. Bxb6 Qxb6 13. Rb1 g6 14. Nge2 h5 15. Na4 Qc6 16. b3 Bh6 17. Qd3 Nd7 18. Nd4 Qc7 19. Nb5 Qd8 20. Qc3 0-0 21. 0-0 a6 22. Nd4 Rc8 23. Qd3 Ne5 24. Qd1 Be3+ 25. Kh1 Bxd4 26. Qxd4 Rxc2 27. Nc3 Qc7 28. Nd5 Qd8 29. f4 Ng4 30. h3 e5 31. Qa7 Qh4 32. Ne3 Nf2+ 33. Kg1 Nxh3+ 0-1